<?xml version="1.0" encoding="UTF-8"?>
<record
    xmlns:xsi="http://www.w3.org/2001/XMLSchema-instance"
    xsi:schemaLocation="http://www.loc.gov/MARC21/slim http://www.loc.gov/standards/marcxml/schema/MARC21slim.xsd"
    xmlns="http://www.loc.gov/MARC21/slim">

  <leader>00653cam a2200217 i 4500</leader>
  <datafield tag="999" ind1=" " ind2=" ">
    <subfield code="c">7150</subfield>
    <subfield code="d">7150</subfield>
  </datafield>
  <datafield tag="020" ind1=" " ind2=" ">
    <subfield code="a">9789860594751 :</subfield>
    <subfield code="c">NT$&#x65B0;&#x53F0;&#x5E63;250&#x5143;</subfield>
  </datafield>
  <datafield tag="100" ind1=" " ind2=" ">
    <subfield code="a">&#x912D;&#x6587;&#x71E6;</subfield>
  </datafield>
  <datafield tag="245" ind1="1" ind2="0">
    <subfield code="a">&#x8D0F;&#x5728;&#x6C7A;&#x52DD;&#x9EDE;</subfield>
    <subfield code="c">&#x65B0;&#x4E16;&#x7D00;&#x516C;&#x5171;&#x4E8B;&#x52D9;&#x6709;&#x9650;&#x516C;&#x53F8;&#x64B0;&#x6587;</subfield>
  </datafield>
  <datafield tag="250" ind1=" " ind2=" ">
    <subfield code="a">&#x521D;&#x7248;</subfield>
  </datafield>
  <datafield tag="260" ind1=" " ind2=" ">
    <subfield code="a">&#x6843;&#x5712;&#x5E02;: </subfield>
    <subfield code="b">&#x6843;&#x5E02;&#x5E9C;, </subfield>
    <subfield code="c">2019.06</subfield>
  </datafield>
  <datafield tag="300" ind1=" " ind2=" ">
    <subfield code="a">161&#x9762;: </subfield>
    <subfield code="b">&#x5716; ; </subfield>
    <subfield code="c">21&#x516C;&#x5206;</subfield>
  </datafield>
  <datafield tag="942" ind1=" " ind2=" ">
    <subfield code="2">ccl</subfield>
    <subfield code="c">BOOK</subfield>
  </datafield>
  <datafield tag="952" ind1=" " ind2=" ">
    <subfield code="0">0</subfield>
    <subfield code="1">0</subfield>
    <subfield code="2">ccl</subfield>
    <subfield code="4">0</subfield>
    <subfield code="7">0</subfield>
    <subfield code="a">yeezen</subfield>
    <subfield code="b">yeezen</subfield>
    <subfield code="d">2020-10-27</subfield>
    <subfield code="l">0</subfield>
    <subfield code="o">494</subfield>
    <subfield code="p">C02739</subfield>
    <subfield code="r">2020-10-27 00:00:00</subfield>
    <subfield code="w">2020-10-27</subfield>
    <subfield code="y">BOOK</subfield>
    <subfield code="z">&#x5F9E;&#x4F01;&#x696D;&#x7684;&#x521D;&#x59CB;&#x5230;&#x73FE;&#x5728;&#x767C;&#x5C55;&#x5230;&#x8DE8;&#x570B;&#x96C6;&#x5718;&#x7684;&#x7D93;&#x9A57;&#x5206;&#x4EAB;</subfield>
  </datafield>
</record>
